000 00365nam a2200133Ia 4500
005 20251222143250.0
008 251222s9999||||xx |||||||||||||| ||spa||
020 _a9972-42-128-7
082 _a340.5/P42
100 _aPeña Jumpa, Julio
245 0 _aJusticia Comunal en los Andes del Perú:
264 _bPontificia Universidad Católica del Perú
942 _cLIB
999 _c14919
_d14919